[Event "World Women-ch"]
[Site "Taizhou"]
[Date "2013.09.14"]
[Round "3"]
[White "Ushenina, Anna"]
[Black "Hou, Yifan"]
[Result "0-1"]
[WhiteElo "2500"]
[BlackElo "2609"]
[Annotator "Mikhalchishin,A"]
[PlyCount "48"]
[EventDate "2013.09.11"]
[EventType "match"]
[EventRounds "7"]
[EventCountry "CHN"]
[SourceTitle "CBM 157"]
[Source "ChessBase"]
[SourceDate "2013.11.12"]
[SourceVersion "1"]
[SourceVersionDate "2013.11.12"]
[SourceQuality "1"]

1. d4 Nf6 2. c4 e6 3. Nc3 Bb4 4. Qc2 O-O 5. e4 {A very aggressive line, which
was recovered from obscurity 10 years ago. I remember especially the great
efforts of Aleksandr Beliavsky, who did a lot of important analysis here.} ({
A more classical way is} 5. a3 Bxc3+ 6. Qxc3 {which would be much more
appropriate for Ushenina's style. Her trainers are completely unexperienced in
women's chess, so their decision to recommend her to play this line was
suicidical in my opinion.}) 5... d5 ({A wrong idea here is} 5... c5 6. e5 cxd4
7. a3 Ng4 8. axb4 dxc3 9. Qe2 cxb2 10. Bxb2 f5 11. h3 Nh6 12. g3 d5 13. Bg2
dxc4 14. Qxc4 Nc6 15. b5 Ne7 16. Ne2 Nd5 17. O-O {with serious pressure,
Ushenina,A (2496)-Olafsson,F (2440)/Marianske Lazne 2008}) ({There is a very
passive setup after} 5... d6 6. a3 Bxc3+ 7. bxc3 e5 8. Bd3 c5 9. d5 (9. Ne2 Nc6
10. d5 Ne7 (10... Na5 11. O-O b6 12. f4 Ba6 13. fxe5 dxe5 14. Bg5 Bxc4 15. Ng3
$40) 11. O-O (11. f3) 11... Ng6 $132) 9... Nbd7 10. Ne2 Nh5 $146 (10... h6) (
10... Re8) 11. O-O Qh4 12. g3 Qe7 13. f3 (13. g4 $6 Nhf6 14. Ng3 Nxg4 15. Nf5
Qf6 16. h4 Kh8 17. Be2 Qg6 18. Kh1 $44) 13... g6 14. Bh6 Ng7 15. Rae1 (15. g4
$5 f6 16. Ng3 Rf7 17. Qd2 b6 18. Kh1 Nf8 19. Rg1 $14) 15... f6 16. f4 {with a
huge space advantage, Beliavsky,A (2646)-Miroshnichenko,E (2667)/Oesterreich
2009.}) 6. e5 Ne4 7. Bd3 (7. a3 {is premature:} Bxc3+ 8. bxc3 c5 9. Bd3 cxd4
10. cxd4 Qa5+ 11. Kf1 f6 (11... f5 12. Ne2 Bd7 13. g3 Na6 14. Kg2 Nb4 15. axb4
Qxa1 {with very unclear play, Xu Yuanyuan (2420)-Hou,Y (2220)/Beijing 2005})
12. cxd5 exd5 13. exf6 Nxf6 14. Nf3 Nc6 15. Bd2 Qd8 16. h3 Ne4 17. Bxe4 dxe4
18. Qxe4 Bf5 19. Qe3 Qd5 20. Re1 Rf6 21. Bc3 Raf8 {White still has development
problems, Zhu Chen (2477)-Hou,Y (2591)/Antakya 2010.}) 7... c5 8. Nf3 (8. Nge2
Nc6 9. cxd5 ({Still playable is} 9. O-O $1 cxd4 10. Nxe4 $146 (10. cxd5) 10...
dxe4 11. Bxe4 Nxe5 12. Bxh7+ Kh8 13. Bd3 Bc5 14. Nf4 Bd6 15. Qe2 Nxd3 16. Nxd3
Bd7 17. b3 (17. Bf4 Bxf4 18. Nxf4 Qg5 19. Nd3 Bc6 20. f4 Qf5 21. Rad1 Rad8 22.
Ne5 $14) 17... Bc6 18. Bb2 Qf6 19. f4 Rad8 20. Rad1 Kg8 21. Qf2 {Black did not
fully equalise, Beliavsky,A (2646)-Nemeth,M (2472)/Magyarorszag 2009}) 9...
exd5 10. O-O cxd4 11. Nxd5 Qxd5 (11... Nxf2 $5 12. Bxh7+ Kh8 13. Nxb4 Nxb4 14.
Qc5 (14. Qb3 Nh3+ $1 15. gxh3 d3 16. Bxd3 Nxd3 17. Rd1 Bf5 18. Be3 Be4 $44)
14... Nfd3 15. Bxd3 Nxd3 16. Qxd4 Qxd4+ 17. Nxd4 Nxe5 $11) 12. Bxe4 Qxe5 13.
Bxh7+ (13. a3 Ba5 14. Bxh7+ Kh8 15. Bd3 Bg4 16. Bf4 (16. f3) 16... Qf6 17. f3
Be6 18. Qc5 $14) 13... Kh8 14. Bf4 Qf6 (14... Qh5 $2 15. Be4 Be6 16. Bxc6 bxc6
17. Nxd4 Bd5 18. Bg3 f5 19. f3 $16) 15. Be4 Bg4 (15... Re8 $5) 16. f3 (16. Bg3)
16... Bh5 $146 (16... Bd7) (16... Be6) 17. Qc4 (17. Rad1 $5 $14) 17... Rfe8 18.
Bg3 (18. Bxc6 bxc6 19. Nxd4 Ba5 20. Bg3 Bb6 21. Bf2 $14) 18... Bg6 19. Nf4 $2 (
19. Bxg6 fxg6 20. Rad1 Rad8 21. Bf2 d3 $140 22. Rxd3 Rxd3 23. Qxd3 Qxb2 24. Nf4
$16) 19... Bxe4 20. fxe4 Rxe4 {ans the position is extremely unbalanced,
Sanikidze,T (2522)-Beliavsky,A (2646)/Budva 2009.}) 8... cxd4 9. Nxd4 Nd7 10.
Bf4 Ndc5 {The most solid positional way - White tried to create a strong
centre, but the black knights control the most important strategic points.} ({
This new idea was introduced recently by the greatest modern opening inventor.
} 10... Qb6 11. Nb3 Qc7 12. O-O Nxe5 13. Bxe4 dxe4 14. Qxe4 Bxc3 15. bxc3 f6
16. Rfe1 Qxc4 17. Bxe5 Qxe4 18. Rxe4 fxe5 19. Rxe5 {This endgame is not as
unpleasant as it looks at first for Black and ended in a draw in Anand-Kramnik,
Moscow 2013.}) 11. O-O Bxc3 ({Clearly weaker is} 11... Nxd3 12. Qxd3 Nxc3 13.
bxc3 Be7 14. Rfd1 Qa5 15. cxd5 exd5 16. Nb3 Qa4 17. Qg3 Qe4 18. Bg5 Bxg5 19.
Qxg5 Re8 20. Re1 Qg6 21. Qd2 Be6 22. Re3 Rac8 23. Nd4 Bd7 24. f4 b5 25. Rae1
Qb6 26. f5 {White threatens a terrible attack, Gordon,S (2524)-Beliavsky,A 
(2646)/Gibraltar 2009.}) 12. bxc3 Bd7 ({Another real option here is a bit safer
} 12... Nxd3 13. Qxd3 b6 14. cxd5 exd5 (14... Qxd5 15. Rfd1 Nc5 16. Qg3 Qe4 17.
Nb3 Bb7 18. f3 Qf5 19. Bh6 Qg6 20. Qxg6 hxg6 21. Nxc5 bxc5 22. Be3 Rfc8 23.
Rab1 Bd5 24. Rd2 Rc7 25. Rb5 Rac8 26. Ra5 {Ushenina,A (2448)-Kosintseva,N 
(2493)/Ohrid 2009; with pressure in an opposite-coloured bishop ending.}) 15.
Rad1 Qd7 {gave Black an easy play in Holt-Onischuk, US Championship 2013.}) 13.
Be2 Na4 ({This was another big critical point, where there are completely
different ways to proceed:} 13... Qa5 14. cxd5 (14. Rac1 Na4 15. cxd5 exd5 16.
f3 Nec5 17. Nb3 Qc7 18. Bg3 Qc6 19. Bf2 Rac8 20. Bd4 Qg6 21. Qd2 b6 22. Rfe1
Rfd8 23. Bf1 Bf5 24. Red1 {White keeps pressure with the bishop pair,
Lenderman,A (2601)-D'Costa,L (2416)/Philadelphia 2013.}) 14... Qxc3 15. Qxc3
Nxc3 16. d6 Nxe2+ 17. Nxe2 Rfc8 18. Rfd1 Na4 19. Rac1 Rxc1 20. Rxc1 Rc8 21.
Rxc8+ Bxc8 22. Be3 b6 23. Bd4 {Black still has to fight for a draw in this
endgame, Fridman,D (2630)-Efimenko,Z (2680)/Dresden 2008.}) (13... Ba4 14. Qc1
h6 15. f3 Ng5 16. Qa3 Rc8 17. Rab1 dxc4 18. Rb4 Qd7 19. Rxc4 b6 20. Rb1 Nh7 21.
Rbb4 Bc6 22. Nxc6 Rxc6 23. Rd4 Qe7 24. Rb1 Rc7 25. Rbd1 Rfc8 26. c4 {White
kept controlling the important central file, Shishkov,A (2382)-Ehlvest,J (2596)
/Vaksali 2012.}) 14. cxd5 exd5 15. c4 Rc8 {Strangely Ushenina sank into
thought here, despite the fact that this position had been seen in tournament
practice before. It means that her knowledge here was very small. And
preparation for a match and for this specific game was not on the level of a
World Championship match.} 16. Qb3 ({Before, other serious options were tried
here:} 16. Rab1 $6 Nb6 17. f3 Nc5 18. Nb5 (18. cxd5 $142 Nxd5 19. Qd2) 18...
Bxb5 19. cxb5 (19. Rxb5 $142) 19... d4 20. Bd3 Ne6 21. Qd2 Nc4 22. Bxc4 Rxc4
23. Bg3 Qd5 24. f4 Rfc8 25. Rf2 Nc5 {0-1 Sarkar,J (2385)-Gelashvili,T (2611)/
Philadelphia 2011}) (16. Rfe1 b5 (16... Qh4 $142 17. g3 Qe7) 17. f3 Nec3 18.
Bd3 ({Much better was} 18. cxb5 Nxe2+ 19. Qxe2 Rc4 20. Qd2) 18... Rxc4 19. e6
fxe6 20. Be5 Qh4 21. Bxc4 dxc4 $2 (21... bxc4 $142) 22. Nxb5 Bxb5 23. Bxc3 {
with a winning position, Holt,C (2499)-Lenderman,A (2581)/Richardson 2012.})
16... dxc4 $5 $146 {For the first time it is Hou Yifan who uncorks an idea
that is good and new.} ({Previously Alekseev had proven that immediately
placing the knight on c3 also gave equality:} 16... Nac3 17. cxd5 Ba4 18. Qxb7
Rc7 (18... Nxd5 19. Be3 Rc7 20. Qa6 Nec3 21. e6 Qe8 22. Bg4 fxe6 23. Bxe6+ Kh8
24. Rfe1 Qg6 25. Qa5 Nb6 26. Rac1 Bc6 27. Bh3 Ncd5 28. Ne6 {1-0 Gavilan Diaz,M
(2255)-Granda Zuniga,J (2636)/Roquetas de Mar 2013/Mega2013 Update 02}) 19. Qa6
Qxd5 20. Be3 Qxe5 {Gundavaa,B-Alekseev, E Kazan 2013; and only Black can be
better, although the game was eventually drawn.}) 17. Bxc4 $2 {A clear mistake.
} ({It was necessary to enter the complications} 17. Qxb7 Nac5 (17... Nec3 18.
Bf3 Rc7 19. Qb4 Bg4 20. Bxg4 Qxd4 21. g3 {is slightly better for White}) 18.
Qb2 (18. Qxa7 $2 {is too greedy, the queen runs out of squares} Ra8 $1 $19)
18... c3 19. Qc1 Ne6 20. Nxe6 Bxe6 21. Qc2 Qd4 {leads to a very good position
for Black, just if there is no problem with the knight on e4.}) 17... Nac3 $1 {
Very strong coordination of black pieces starts here.} 18. a4 $2 ({The first
move to calculate was} 18. Bxf7+ Rxf7 19. e6 {"I need to check this line with
my computer to have a final conclusion," said the World Champion (Now former!).
} Bxe6 20. Nxe6 Qf6 {we obtain a position, where the black pieces are placed
very dangerously. At the same time White's knight and bishop are in danger.
But the move in the game loses on the spot.}) 18... Bxa4 $1 19. Rxa4 Nxa4 20.
Nf5 ({After} 20. Qxa4 Nc3 $1 {two white pieces are hanging, and one of them
will fall:} 21. Qb4 (21. Qxa7 Rxc4 22. Be3 Rxd4 23. Bxd4 Qxd4 24. Qxd4 Ne2+)
21... Qxd4 22. Bxf7+ Rxf7 23. Qxd4 Ne2+ {the same tactics decides.}) 20... Nac3
{White simply doesn't have enough compensation for the material she has lost.}
21. e6 $6 {Ushenina's last gamble, as normal moves promised just suffering for
a few more moves.} (21. Re1 b5) 21... Rxc4 $1 {Simple and powerful - at
certain moments in this match Hou played like a machine.} 22. Qxc4 b5 23. Qb3 (
{Nothing is changed by} 23. e7 bxc4 24. exd8=Q Ne2+ 25. Kh1 Rxd8 {and the pawn
is unstoppable.}) 23... Qd3 {Improving the queen and creating simple threats.}
24. exf7+ Rxf7 {The impression is, that in such kind of positions Ushenina is
300 Elo points weaker than Hou!} 0-1

[Event "World Women-ch"]
[Site "Taizhou"]
[Date "2013.09.18"]
[Round "6"]
[White "Ushenina, Anna"]
[Black "Hou, Yifan"]
[Result "0-1"]
[WhiteElo "2500"]
[BlackElo "2609"]
[Annotator "Mikhalchishin,A"]
[PlyCount "79"]
[EventDate "2013.09.11"]
[EventType "match"]
[EventRounds "7"]
[EventCountry "CHN"]
[SourceTitle "CBM 157"]
[Source "ChessBase"]
[SourceDate "2013.11.12"]
[SourceVersion "1"]
[SourceVersionDate "2013.11.12"]
[SourceQuality "1"]

1. d4 Nf6 2. c4 e6 3. Nf3 {Ushenina avoids the Nimzo-Indian, where she has
lost two games - a logical decision, but probably too late.} b6 4. g3 Bb7 {
Hou has a fantastic feel for the match! She decided to play a new system,
expecting serious preparation of Ushenina in her successful pet lines.} (4...
Ba6 5. b3 Bb4+ 6. Bd2 Be7 7. Bg2 c6 8. Bc3 d5 9. Ne5 Nfd7 10. Nxd7 Nxd7 11. Nd2
O-O 12. O-O f5 13. Rc1 Bd6 14. Bb2 Qe7 15. Nf3 Rac8 16. Rc2 g5 17. Ne1 h5 18.
Nd3 h4 19. e3 Nf6 20. f4 Qh7 21. Re1 g4 22. Qc1 Rfd8 23. Rd1 Bb8 24. a4 Kg7 25.
Kf2 hxg3+ 26. hxg3 Qh2 27. Rg1 Ne4+ 28. Kf1 Nxg3+ 29. Kf2 Kg6 30. a5 Rh8 31.
Nb4 Ne4+ 32. Kf1 Ng3+ 33. Kf2 Ne4+ 34. Kf1 Ng3+ 35. Kf2 Ne4+ {1/2 Werle,J 
(2607)-Hou,Y (2571)/Wijk aan Zee 2009}) (4... Bb4+ 5. Bd2 c5 6. Bg2 Bb7 7. O-O
O-O 8. dxc5 Bxc5 9. Nc3 Be7 10. Bf4 a6 11. Rc1 d6 12. Qd2 Ne8 13. Rfd1 Nd7 14.
b3 Rc8 15. h3 h6 16. Ne1 Bxg2 17. Nxg2 Rc6 18. Ne1 Qc8 19. Nf3 Qb7 20. Qd3 Nef6
21. Nd4 Rcc8 22. Qf3 Qc7 23. Be3 Ne5 24. Qg2 Rfd8 25. f4 Ned7 26. Bf2 Bf8 27.
e4 Re8 28. Nf3 Nc5 29. Nd4 e5 30. fxe5 dxe5 {0-1 Cramling,P (2495)-Hou,Y (2578)
/Beijing 2011/}) 5. Bg2 Be7 6. Nc3 ({Ushenina has had no really serious
practice here, but her perfomance in an old game is quite convincing:} 6. O-O
O-O 7. Re1 Na6 8. Nc3 Ne4 9. Bf4 f5 10. h4 Bf6 11. Nxe4 Bxe4 12. Qa4 Qc8 13.
Bg5 Bxg5 14. Nxg5 Bxg2 15. Kxg2 c5 16. Rad1 Qb7+ 17. Kg1 Rac8 18. e3 Nb8 19.
Rd2 a6 20. d5 e5 21. f4 Rce8 22. Qd1 h6 23. Nf3 d6 24. fxe5 dxe5 25. e4 Qf7 26.
Rg2 Nd7 27. Qe2 Qg6 28. Nd2 Rf6 29. h5 Qg4 30. exf5 Qd4+ 31. Kh1 Rxf5 32. Nb3 {
1-0 Ushenina,A (2496)-Pokorna,R (2376)/Dresden 2008}) 6... O-O ({The top
specialists play} 6... Ne4 {here or concentrate on d7-d5, which leads to
hanging pawn structures.}) 7. Qc2 c5 ({A hanging pawn structure is possible
here too, but modern players are usually afraid to chose it:} 7... d5) 8. d5
exd5 9. Nh4 ({In the 1974 match against Karpov, Korchnoi twice played} 9. Ng5 {
One of those games went} Nc6 ({Nowadays Black usually responds with} 9... h6 {
for example:} 10. Nh3 (10. Nxd5 Bxd5 11. cxd5 hxg5 $1 (11... d6) 12. d6 Nc6 13.
dxe7 Qxe7 14. Bxg5 (14. Bxc6 dxc6 15. Bxg5 $11) 14... d5 $1 15. e3 (15. Rd1
Rad8 $5 {/\ Nd4-e6=} (15... Nd4 $5 16. Qd2 Rad8 17. e3 Ne6 18. Bxf6 Qxf6 $11))
15... Qe6 {/\ Ne4} 16. Bxf6 Qxf6 17. O-O Rad8 $5 18. Rfd1 Rd6 19. Rd2 Rfd8 20.
Rad1 Qe5 $11 {Balashov,Y (2545)-Tiviakov,S (2595)/Sankt_Peterburg (zt) 1993})
10... Na6 11. cxd5 d6 12. O-O Nc7 13. e4 Nd7 14. f4 b5 $13 {Naumkin-Korotylev,
Moscow 2012.}) (9... g6 10. Qd1 $1 (10. O-O Nc6 $13) 10... d6 11. cxd5 Na6 12.
O-O Nd7 13. Nf3 Nc7 14. a3 $6 Bf6 15. e4 b5 16. Bf4 Nb6 17. Re1 a5 18. Qc2 (18.
e5 dxe5 19. Nxe5 Nbxd5 20. Nxf7 Rxf7 21. Bxc7 Nxc7 $11) 18... Bg7 (18... b4 19.
axb4 cxb4 (19... axb4 20. Rxa8 Bxa8 21. Nb1 $14) 20. Ne2 $14) 19. Rad1 b4 20.
Nb1 Ba6 21. h4 Re8 22. Bg5 {and Black has to fight for equal play, Kortschnoj,
V-Karpov,A/Moscow (m/5) 1974.}) 10. Nxd5 g6 11. Qd2 Nxd5 12. Bxd5 Rb8 $4 13.
Nxh7 $1 Re8 14. Qh6 Ne5 15. Ng5 Bxg5 16. Bxg5 Qxg5 17. Qxg5 Bxd5 18. O-O Bxc4
19. f4 {1-0.}) ({A sharper option here is} 9. cxd5 {as} Nxd5 {can be met with}
({Here is one high-profile encounter:} 9... Bxd5 10. Nxd5 Nxd5 11. Nh4 Nb4 12.
Qd2 N8c6 13. Nf5 Nd4 14. Nxd4 cxd4 15. Bxa8 Qxa8 16. O-O Qe4 $44 {
Aronian-Carlsen, Morelia/Linares 2008.}) 10. Qe4 $1) 9... Nc6 {This is
probably the safest move.} ({A very sharp try is} 9... b5 10. cxd5 b4 11. Nf5
d6 12. Nd1 Re8 13. Nxe7+ Qxe7 14. Ne3 g6 (14... Na6) 15. b3 Na6 16. Bb2 Nc7 17.
Rd1 Nb5 18. Nc4 Ne4 $2 (18... Rad8) 19. Bxe4 Qxe4 20. Qxe4 Rxe4 21. f3 Ree8 22.
Bf6 $16 {Riazantsev-Pelletier, Biel 2010.}) 10. cxd5 Nd4 11. Qd1 ({It was
possible to think about the more active} 11. Qd3 {for example:} Qc8 12. Be3 Ba6
13. Qd2 Re8 14. O-O Bd6 15. Rfe1 {with slightly better play.}) 11... Ne8 $5 {
Sometimes Black plays this plan in the Benoni, but a more natural and sharper
one seems to be} (11... b5 12. e3 b4 13. Na4 Nb5 14. Nf5 d6 15. O-O Re8 16. e4
Bf8 17. f3 c4 18. Rf2 Rc8 19. Bf1 Ba6 20. Ne3 c3 21. b3 g6 22. Bd3 Nc7 23. Nc2
{Piasetski,L (2301)-Maiorov,N (2528)/Metz 2011 (45). The white knight
threatens to exploit the weaknesses of the blockaded squares.}) 12. Nf3 ({
Black obtains very comfortable play after} 12. e3 Bxh4 13. exd4 Qe7+ 14. Ne2
Bf6 15. O-O Nd6) 12... Nxf3+ 13. Bxf3 ({Another capture promised a worse
ending:} 13. exf3 Ba6 14. Bf1 Qc8 15. Bxa6 Qxa6 16. Qe2 Qxe2+ 17. Kxe2 Bf6 18.
Bf4 g5 19. Be3 Nd6) 13... d6 (13... Bd6 $5 {was possible:} 14. O-O Be5) ({
But maybe} 13... f5 {is even better:} 14. O-O Nd6 15. a4 a6 16. Qc2 b5 17. axb5
axb5 18. Bf4 Rxa1 19. Rxa1 Qb6 20. h4 c4 21. b4 Ra8 22. Rxa8+ Bxa8 23. Be3 Qa6
{with an unclear fight, Zakhartsov,V (2608)-Terrieux,K (2422)/Aix-les-Bains
2011.}) 14. O-O Nc7 ({More in Benoni style fashion would be to place the
bishop on the long diagonal immediately:} 14... Bf6 15. Bf4 Nc7) 15. a4 a6 {
This is a typical classical Benoni structure with one piece exchanged, which
is usually Black's idea, as she has a problem with space for her pieces.} 16.
Rb1 $146 {White is getting ready to meet 16...b5 with 17.axb5 axb5 18.b4!,
which is typical for Benoni positions.} ({Other options were} 16. Qb3 Qd7 17.
e4 b5 18. Re1 Bf6 19. Bf4 Rab8 20. Rad1 Rfd8 21. e5 dxe5 22. Bxe5 Bxe5 23. Rxe5
$14 {Ilincic - Hoang Thanh Trang, Budapest 2004}) ({Or to try to provoke some
blockade on the queen's flank:} 16. Qd3 b5 17. e4 Qd7 18. Re1 Bf6 19. Nd1)
16... Bf6 $5 ({After} 16... b5 17. axb5 axb5 18. b4 c4 19. Be3 Bf6 20. Bd4 Qe7
21. Qd2 Ra3 22. e4 Rfa8 23. Rfe1 Bc8 24. Bg2 {computer engines do not
understand the position and evaluate it as better for Black. But the truth is
completely the opposite - in the blockaded central position Black has
absolutely no counterplay.}) 17. Bd2 $6 ({It would be better to press against
the opponent's centre:} 17. Qb3 Rb8 18. Bf4 b5 19. Rbd1) 17... b5 18. axb5 Nxb5
$1 ({Hou Yifan did not like the blocked position, as we explained before:} 
18... axb5 19. b4 c4 20. e4 Be5 21. Qc1) 19. Bg2 Bc8 $1 {I like this move -
the new World Champion tries to find an active position for her bishop.} 20.
Ne4 Re8 $1 {One more brave and deep decision not to try to keep the bishop
pair, which is a weakness of many modern players.} 21. Nxf6+ ({Maybe it was
better not to take the bishop, but play} 21. Qa4) 21... Qxf6 22. e4 a5 23. Ra1
Bd7 ({Of course not} 23... Qxb2 $4 24. Rb1 $18) 24. Ra2 ({In the line} 24. Rxa5
Rxa5 25. Bxa5 Qxb2 26. Qa1 Qxa1 27. Rxa1 f5 $1 {the game would come to a draw.
But Ushenina is forced to play because of her match situation.}) 24... a4 $1 {
Now White regretted her decision not to have eliminated this pawn.} 25. Re1 h6
26. Be3 ({Probably the best solution was to wait, but who can do it in such a
situation?} 26. Qe2 Nd4 27. Qd1) 26... a3 $5 {With this manoeuvre Black
creates a passed pawn, which plays its role later in the game.} 27. Qd2 ({
It was better to go to the crazy line} 27. Bc1 c4 28. bxa3 Nc3 29. Bb2 Nxd1 30.
Bxf6 Ba4 31. Bd4 c3) 27... axb2 28. Rxb2 Nc3 ({It was very logical to fight
for control over the d4-square with} 28... Ra4 $5) 29. f3 ({After} 29. Bf4 $5
Nxd5 30. Bxd6 Qxd6 31. Rc1 Qe5 32. exd5 Bf5 33. h3 {the position would be
still equal.}) 29... Ra3 ({Once more} 29... Ba4 $5 {was good, with the idea ...
Nd1.}) 30. Bf2 $1 {The best defensive move.} Nb5 31. Reb1 ({It was necessary
to threaten the break in the centre} 31. f4 $1 Ra4 (31... c4 32. Rb4 $1) 32.
Qc2 Nd4 33. Qb1) 31... c4 $5 32. Rxb5 Bxb5 33. Bd4 $4 {In time trouble
Ushenina missed Black's reply.} ({White could not be satisfied with} 33. Rxb5
$2 Ra1+ 34. Bf1 Qxf3 $19) ({But after} 33. Qb4 {White would hold easily} Ra2
34. Qxb5 Rxe4 35. Rf1 Ree2 36. Qxc4 Qb2 37. Qc8+ Kh7 38. Qf5+ Kg8 $11) 33... c3
$1 {Now the position is simply lost!} 34. Qf2 ({The endgame arising after} 34.
Qxc3 Rxc3 35. Bxf6 gxf6 36. Rxb5 Rc1+ 37. Bf1 f5 $1 {should be won for Black
without big efforts.}) 34... Qg5 $1 {For the last moves Hou Yifan played
really like a computer!} 35. f4 ({The alternative -} 35. Rxb5 {does not help}
Qc1+ $5 36. Bf1 (36. Qf1 Qxf1+ 37. Bxf1 c2 38. Bb2 Ra1 $19 {[%cal Ga1b1]})
36... Qd1 $1 37. Bxc3 Rxc3 $19) 35... Qg4 $19 36. Re1 ({Or} 36. h3 Qe2 37. Qxe2
Bxe2 38. Rc1 Bd3 39. e5 c2 40. exd6 Rb3) 36... Rea8 37. h3 Qc8 38. e5 Ra1 39.
exd6 c2 40. Bxa1 0-1